Statistics for Short-Lived Former Flags of Modern-Day Countries

Click here to take the quiz!

General Stats

  • This quiz has been taken 395 times
  • The average score is 41 of 93

Answer Stats

Answer% Correct
Argentina
88%
United States
88%
Uruguay
81%
Albania
78%
Lebanon
76%
New Zealand
76%
Panama
76%
Saudi Arabia
75%
Spain
75%
Australia
74%
South Korea
73%
Sri Lanka
72%
Cyprus
70%
Venezuela
70%
Bulgaria
69%
Hungary
69%
Ukraine
69%
Belgium
67%
Croatia
67%
Germany
67%
North Korea
67%
Afghanistan
66%
Bangladesh
64%
East Timor
64%
Maldives
64%
Burundi
63%
Samoa
63%
Philippines
62%
Dominica
61%
Eritrea
60%
Ethiopia
60%
Mozambique
60%
Papua New Guinea
58%
Russia
57%
Kazakhstan
55%
Mali
54%
Vietnam
52%
Malawi
48%
Haiti
47%
Iran
46%
Peru
46%
Cambodia
45%
Guatemala
44%
Moldova
44%
Andorra
43%
Uganda
43%
Romania
42%
Brazil
40%
Democratic Republic of the Congo
39%
Colombia
38%
Latvia
38%
Syria
38%
Zimbabwe
38%
Finland
37%
China
36%
Costa Rica
34%
Taiwan
34%
Iraq
33%
Serbia
32%
El Salvador
31%
France
31%
Ghana
31%
Yemen
31%
Uzbekistan
30%
Mexico
29%
Saint Vincent and the Grenadines
29%
Slovenia
29%
Tuvalu
29%
Gabon
28%
Myanmar
28%
Georgia
26%
Montenegro
25%
Thailand
25%
Tajikistan
22%
Azerbaijan
20%
Jamaica
18%
Bolivia
17%
Togo
16%
Rwanda
15%
Bosnia and Herzegovina
14%
North Macedonia
14%
Comoros
13%
Ecuador
13%
Chile
12%
Libya
12%
Nicaragua
11%
Qatar
11%
Paraguay
10%
Senegal
10%
Seychelles
10%
Dominican Republic
9%
Fiji
9%
Saint Kitts and Nevis
8%

Score Distribution

Percentile by Number Answered

Percent of People with Each Score

Your Score History

You have not taken this quiz